El cálculo: con geometría analítica ECCGA
Guardat en:
| Autor principal: | |
|---|---|
| Format: | Llibre |
| Idioma: | espanyol |
| Publicat: |
Ciudad de México
Harla
1992
|
| Edició: | 6a. ed |
| Matèries: | |
| Etiquetes: |
Afegir etiqueta
Sense etiquetes, Sigues el primer a etiquetar aquest registre!
|
MARC
| LEADER | 00000cam a2200000 a 4500 | ||
|---|---|---|---|
| 001 | UCY3624 | ||
| 003 | CL-VaPUC | ||
| 008 | 950110e19920000MX |||||||||||||||||spa|d | ||
| 082 | 0 | 4 | |a 515.15 |b LEI |2 21 |
| 100 | |a Leithold, Louis |e author |9 520945 | ||
| 245 | 1 | 3 | |a El cálculo: con geometría analítica ECCGA |
| 250 | |a 6a. ed | ||
| 300 | |a 1563 p | ||
| 942 | |c BK | ||
| 945 | |d 19950110 00:00:00 |a mfernand | ||
| 260 | |a Ciudad de México |b Harla |c 1992 | ||
| 650 | 0 | |a Cálculo |9 260234 | |
| 650 | 0 | |a Problemas, ejercicios, etc |9 259377 | |
| 650 | 0 | |a Geometría analítica |9 260062 | |
| 583 | |a last modification |c 20181004 03:15:05 |k Rodrigo Vera | ||
| 999 | |c 231710 |d 231708 | ||
| 952 | |0 0 |1 0 |4 0 |6 515_150000000000000_LEI_1992 |7 0 |8 A |9 235247 |a BIBMAT |b BIBMAT |d 2019-11-15 |i 3049833 |o 515.15 LEI 1992 |p 3049833 |r 2025-01-07 |w 2019-11-15 |y BK |k MAT | ||
| 952 | |0 0 |1 0 |4 0 |6 515_150000000000000_LEI_1992 |7 0 |8 A |9 235248 |a BIBMAT |b BIBMAT |d 2019-11-15 |i 3049841 |o 515.15 LEI 1992 |p 3049841 |r 2025-01-07 |w 2019-11-15 |y BK |k MAT | ||
| 952 | |0 0 |1 0 |4 0 |6 515_150000000000000_LEI_1992 |7 0 |8 A |9 235249 |a BIBMEC |b BIBMEC |d 2019-11-15 |i 3213587 |o 515.15 LEI 1992 |p 3213587 |r 2024-01-19 |w 2019-11-15 |y BK |k MEC | ||
| 952 | |0 0 |1 0 |4 0 |6 515_150000000000000_LEI_1992 |7 0 |8 A |9 235250 |a BIBMAT |b BIBMAT |d 2019-11-15 |i 3336743 |o 515.15 LEI 1992 |p 3336743 |r 2025-01-07 |w 2019-11-15 |y BK |k MAT | ||
| 952 | |0 0 |1 0 |4 0 |6 515_150000000000000_LEI_1992 |7 0 |8 A |9 235251 |a BIBGIM |b BIBGIM |d 2019-11-15 |i 3414272 |o 515.15 LEI 1992 |p 3414272 |r 2025-01-15 |w 2019-11-15 |y BK |k EST | ||
| 952 | |0 0 |1 0 |4 0 |6 515_150000000000000_LEI_1992 |7 0 |8 A |9 235252 |a BIBGIM |b BIBGIM |d 2019-11-15 |i 3414280 |o 515.15 LEI 1992 |p 3414280 |r 2025-01-15 |w 2019-11-15 |y BK |k EST | ||
| 952 | |0 0 |1 0 |4 0 |6 515_150000000000000_LEI_1992 |7 0 |8 A |9 235253 |a BIBING |b BIBING |d 2019-11-15 |i 3483215 |o 515.15 LEI 1992 |p 3483215 |r 2023-03-02 |w 2019-11-15 |y BK |k ING | ||
| 952 | |0 0 |1 0 |4 0 |6 515_150000000000000_LEI_1992 |7 0 |8 A |9 235255 |a BIBMEC |b BIBMEC |d 2019-11-15 |i 3227510 |o 515.15 LEI 1992 |p 3227510 |r 2019-11-15 |w 2019-11-15 |y BK |k MEC | ||
| 952 | |0 0 |1 0 |4 0 |6 515_150000000000000_LEI_1992 |7 0 |8 A |9 235256 |a BIBMEC |b BIBMEC |d 2019-11-15 |i 3549372 |o 515.15 LEI 1992 |p 3549372 |r 2019-11-15 |w 2019-11-15 |y BK |k MEC | ||
| 952 | |0 0 |1 0 |4 0 |6 515_150000000000000_LEI_1992 |7 0 |8 A |9 235257 |a BIBMEC |b BIBMEC |d 2019-11-15 |i 3549380 |o 515.15 LEI 1992 |p 3549380 |r 2024-01-19 |w 2019-11-15 |y BK |k MEC | ||
| 952 | |0 0 |1 0 |4 0 |6 515_150000000000000_LEI_1992 |7 0 |8 A |9 235258 |a BIBMEC |b BIBMEC |d 2019-11-15 |i 3549399 |o 515.15 LEI 1992 |p 3549399 |r 2024-01-19 |w 2019-11-15 |y BK |k MEC | ||
| 952 | |0 0 |1 0 |4 0 |6 515_150000000000000_LEI_1992 |7 0 |8 A |9 235259 |a BIBMEC |b BIBMEC |d 2019-11-15 |i 3549402 |o 515.15 LEI 1992 |p 3549402 |r 2019-11-15 |w 2019-11-15 |y BK |k MEC | ||
| 952 | |0 0 |1 0 |4 0 |6 515_150000000000000_LEI_1992 |7 0 |8 A |9 235260 |a BIBMEC |b BIBMEC |d 2019-11-15 |i 3549410 |o 515.15 LEI 1992 |p 3549410 |r 2019-11-15 |w 2019-11-15 |y BK |k MEC | ||
| 952 | |0 0 |1 0 |4 0 |6 515_150000000000000_LEI_1992 |7 0 |8 A |9 235262 |a BIBALI |b BIBALI |c GEN |d 2019-11-15 |i 354947K |o 515.15 LEI 1992 |p 354947K |r 2025-01-20 |w 2019-11-15 |y BK |k ALI | ||
| 952 | |0 0 |1 0 |4 0 |6 515_150000000000000_LEI_1992 |7 0 |8 A |9 235264 |a BIBMAT |b BIBMAT |d 2019-11-15 |i 3637999 |o 515.15 LEI 1992 |p 3637999 |r 2025-01-07 |w 2019-11-15 |y BK |k MAT | ||
| 952 | |0 0 |1 0 |2 ddc |4 0 |6 515_150000000000000_LEI_1992 |7 0 |8 A |9 235266 |a BIBING |b BIBING |d 2019-11-15 |i 3483290 |l 3 |o 515.15 LEI 1992 |p 3483290 |r 2025-04-10 |s 2025-04-10 |w 2019-11-15 |x nherrera |y BK |k ING | ||